| 000 | 00894nam a2200217 a 4500 | ||
|---|---|---|---|
| 005 | 20240924071410.0 | ||
| 008 | 991125s1973 ea 000 0 spa u | ||
| 035 | _aUPN01000017831 | ||
| 049 | _aCG | ||
| 050 | 4 |
_aLC5215 _bD3.38 |
|
| 100 | 1 |
_aDave, R. H. _932391 |
|
| 245 | 1 | 0 |
_aEducación permanente y programa escolar / _cR. H. Dave ; tr. Martha Ruano Hurtado ; rev. Jesús Pardo Serrato. |
| 260 |
_aHamburgo [Al. Fed.] : _bInstituto de la UNESCO para la Educación, _c1973. |
||
| 300 |
_a89 h. : _bil. |
||
| 440 | 0 |
_aIUE monografía ; _v1 |
|
| 500 | _a"Resultados provisionales de un estudio exploratorio sobre el programa escolar, las estructuras y la formación de los educadores en la perspectiva de la educación permanente" | ||
| 650 | 4 |
_aEducación permanente _97280 |
|
| 650 | 2 |
_aProgramas de enseñanza _913781 |
|
| 650 | 4 |
_aMaestros _xFormación profesional _9804 |
|
| 905 | _aLibro | ||
| 999 |
_c17831 _d17831 |
||